000 01348cam a22003737a 4500
001 000085454
003 CHAP
005 20220817043707.0
008 000803d1999 mx a r 00110 esp d
010 _a81928
011 _a82900
020 _a9688844667
035 _a93405
040 _cCHAP
082 0 4 _a630.71
_bP3
100 0 0 _aPalacios Rangel, María Isabel.
245 1 4 _aLos directores de la Escuela Nacional de Agricultura :
_bsemblanzas de su vida institucional /
_c/por María Isabel Palacios Rangel.
260 _aChapingo, Méx. :
_bUACH. Centro de Investigaciones Económicas Sociales y Tecnólogicas de la Agricultura Mundial,
_c1999.
300 _a183 p. :
_bilus.
590 _aBATCH-UPD
_b10
_c20130110
_lUCH01
_h1614
590 _aBATCH-UPD
_b10
_c20130410
_lUCH01
_h1009
590 _aBATCH-UPD
_b10
_c20130914
_lUCH01
_h1302
590 _aCONVERSION
_b10
_c20130109
_lUCH01
_h1345
590 _aE11695DGD
_b10
_c20190705
_lUCH01
_h0932
650 1 4 _aENA
_xHistoria.
_936672
650 1 4 _aENA
_xMaestros.
_936673
901 _aBK
905 _aBlanca M. García O.
942 _cLIBRO
942 _n0
949 _a630.71 P3
_bBC
_cLIBRO
_d33724000785473
_eLIBRO
_h98470
_i93405
_si
949 _a630.71 P3
_bBC
_cLIBRO
_d33724002168322
_eLIBRO
_fc.3
_gI.c/e
_h112438
_i93405
_si
949 _bBC
_cUACH
_d934051
_eUACH
_fc.2
_h98471
_i93405
_sb
999 _c81928
_d81928